| 000 | 00673cam a22002172 4500 | ||
|---|---|---|---|
| 001 | 0000003113 | ||
| 005 | 20151217154337.0 | ||
| 008 | 070427s xx 000 0 eng d | ||
| 020 |
_a0333347404 : _cKES 990 |
||
| 040 |
_aKABU _cKABU |
||
| 050 | 0 |
_aHM51 _b.O348 1985 |
|
| 100 | 1 |
_aOdetola, T. Olatunde. _@0000152756 |
|
| 245 | 1 | 0 |
_aSociology : _ban introductory African text / _cT. Olatunde Odetola, Ade Ademola. |
| 260 |
_aLondon ; _aBasingstoke : _bMacmillan, _c1985. |
||
| 300 | _ax, 246 p. | ||
| 650 | 0 |
_aSociology. _@0000099021 |
|
| 700 | 1 |
_aAdemola, Ade. _@0000152757 |
|
| 908 | _a070427 | ||
| 950 | _@1 | ||
| 999 |
_c10645 _d10645 |
||